| 000 -CABECERA |
| Longitud fija campo de control |
00575nam a2200205 a 4500 |
| 001 - NÚMERO DE CONTROL |
| Número de control |
3764 |
| 003 - IDENTIFICADOR DEL NÚMERO DE CONTROL |
| Identificador del número de control |
CDMR |
| 005 - FECHA Y HORA DE LA ÚLTIMA TRANSACCIÓN |
| Fecha y hora de la última transacción |
20130503122643.0 |
| 008 - CÓDIGOS DE INFORMACIÓN DE LONGITUD FIJA |
| Códigos de información de longitud fija |
130130s1994||||||||||||||||||||||||||||d |
| 020 ## - NÚMERO INTERNACIONAL NORMALIZADO PARA LIBROS |
| Número Internacional Normalizado para Libros (ISBN) |
8476096569 |
| 040 ## - FUENTE DE LA CATALOGACIÓN |
| Centro catalogador de origen |
CDMR |
| Lengua de catalogación |
cat |
| Centro transcriptor |
CDMR |
| 100 1# - PUNTO DE ACCESO PRINCIPAL-NOMBRE DE PERSONA |
| Nombre de persona |
Solano, Wilebaldo |
| 9 (RLIN) |
604 |
| 245 10 - MENCIÓN DE TÍTULO |
| Título |
Wilebaldo Solano, Llibert Ferri |
| 260 ## - PUBLICACIÓN, DISTRIBUCIÓN, ETC. (PIE DE IMPRENTA) |
| Lugar de publicación, distribución, etc. |
Barcelona |
| Fecha de publicación, distribución, etc. |
1994 |
| Nombre del editor, distribuidor, etc. |
Ajuntament de Barcelona |
| 300 ## - DESCRIPCIÓN FÍSICA |
| Extensión |
108p ; |
| Dimensiones |
18 cm |
| 490 0# - MENCIÓN DE SERIE |
| Mención de serie |
Dialegs a Barcelona |
| Designación de volumen o secuencia |
52 |
| 650 04 - PUNTO DE ACCESO ADICIONAL DE MATERIA - TÉRMINO DE MATERIA |
| Término de materia o nombre geográfico como elemento inicial |
Periodistes catalans |
| Subdivisión de forma |
Intervius |
| 9 (RLIN) |
3133 |
| 700 1# - PUNTO DE ACCESO ADICIONAL - NOMBRE DE PERSONA |
| Nombre de persona |
Gabancho, Patrícia |
| Término indicativo de función |
transcrip. |
| 9 (RLIN) |
2677 |
| 942 ## - ENTRADA DE ELEMENTOS AGREGADOS (KOHA) |
| Koha [por defecto] tipo de item |
Monografies |
| Fuente de clasificaión o esquema |
|